[Event "Hampstead op U2200 04"]
[Site "Hampstead"]
[Date "2013.04.21"]
[Round "5"]
[White "Herschmann, Heinz"]
[Black "Sloan, Cecil"]
[Result "0-1"]
[WhiteElo "1362"]
[BlackElo "1719"]
[PlyCount "110"]
[EventDate "2013.04.20"]
[EventType "swiss"]
[EventRounds "5"]
[EventCountry "ENG"]
[SourceTitle "EXT 2014"]
[Source "ChessBase"]
[SourceDate "2013.11.20"]
[SourceVersion "1"]
[SourceVersionDate "2013.11.20"]
[SourceQuality "1"]

1. e4 c5 2. Nf3 g6 3. d4 cxd4 4. Nxd4 Nc6 5. Nxc6 bxc6 6. Bd3 Bg7 7. c3 Nf6 8. Be3 0-0 9. 0-0 d6 10. Nd2 Ng4 11. Bf4 Ne5 12. Bxe5 Bxe5 13. Nf3 Bg4 14. Be2 Bxf3 15. Bxf3 Qb6 16. Rb1 Rfb8 17. Qc2 Rb7 18. g3 Rab8 19. Rfe1 Qa6 20. a3 Qb5 21. a4 Qb3 22. Qxb3 Rxb3 23. Bd1 Rxb2 24. Rxb2 Rxb2 25. Bf3 Rb3 26. Kg2 Rxc3 27. Re3 c5 28. Rxc3 Bxc3 29. Bd1 Kf8 30. Kf3 Ke8 31. Ke2 Kd7 32. f4 Kc6 33. Kd3 Bd4 34. h3 f6 35. g4 d5 36. exd5+ Kxd5 37. Bb3+ Kd6 38. Bg8 h6 39. Bf7 g5 40. f5 Ke5 41. Ke2 Kf4 42. Bd5 Kg3 43. Kd3 Kxh3 44. Bf3 Kg3 45. Bd1 Kf4 46. Be2 Ke5 47. Bd1 Kd6 48. Bf3 e6 49. fxe6 Kxe6 50. Ke4 Be5 51. Be2 Kd6 52. Kf5 Kd5 53. Kg6 c4 54. Kxh6 c3 55. Bd3 Kd4 0-1

[Event "Hampstead op U2200 04"]
[Site "Hampstead"]
[Date "2013.04.21"]
[Round "4"]
[White "Pride, Stephen C"]
[Black "Herschmann, Heinz"]
[Result "1-0"]
[WhiteElo "1828"]
[BlackElo "1362"]
[PlyCount "73"]
[EventDate "2013.04.20"]
[EventType "swiss"]
[EventRounds "5"]
[EventCountry "ENG"]
[SourceTitle "EXT 2014"]
[Source "ChessBase"]
[SourceDate "2013.11.20"]
[SourceVersion "1"]
[SourceVersionDate "2013.11.20"]
[SourceQuality "1"]

1. e4 e5 2. Qh5 d6 3. Bc4 Qf6 4. d3 Qg6 5. Qxg6 hxg6 6. Nc3 c6 7. Be3 b5 8. Bb3 a5 9. a4 Bd7 10. Nf3 Be7 11. d4 b4 12. Ne2 c5 13. dxc5 dxc5 14. Nxe5 Be6 15. Bxe6 fxe6 16. Nxg6 Rh7 17. Nxe7 Kxe7 18. Bxc5+ Kd7 19. 0-0-0+ Kc8 20. Nf4 Ra6 21. Rd6 Rxd6 22. Bxd6 Nc6 23. h3 Nd8 24. Rd1 g5 25. Ne2 Rd7 26. Bc5 Rxd1+ 27. Kxd1 Kc7 28. Nd4 Nf6 29. f3 Nd7 30. Be7 Nc6 31. Nxc6 Kxc6 32. Bxg5 Ne5 33. h4 Nc4 34. b3 Nd6 35. h5 Nf7 36. Bf6 Kb7 37. g4 1-0

[Event "Guernsey Holiday op"]
[Site "Guernsey"]
[Date "2010.10.22"]
[Round "6"]
[White "Rowe, Oliver"]
[Black "Herschmann, Heinz"]
[Result "1/2-1/2"]
[WhiteElo "1506"]
[BlackElo "1480"]
[PlyCount "54"]
[EventDate "2010.10.17"]
[EventType "swiss"]
[EventRounds "7"]
[EventCountry "GCI"]
[SourceTitle "EXT 2013"]
[Source "ChessBase"]
[SourceDate "2012.11.22"]
[SourceVersion "1"]
[SourceVersionDate "2012.11.22"]
[SourceQuality "1"]

1. d4 d5 2. Nf3 e6 3. Bf4 Bd6 4. Bg3 Bxg3 5. hxg3 Nc6 6. e3 Nf6 7. c3 Bd7 8. Bd3 0-0 9. Nbd2 g6 10. Ne5 Kg7 11. Qe2 Nxe5 12. dxe5 Ng8 13. Qg4 f5 14. exf6+ Qxf6 15. 0-0-0 Rad8 16. Rh2 e5 17. Rdh1 h6 18. Qf3 Qxf3 19. gxf3 c5 20. e4 Bc6 21. exd5 Bxd5 22. Bc4 Bxf3 23. Nxf3 Rxf3 24. Bxg8 Rxg8 25. Rxh6 Kf6 26. Rh7 Rg7 27. Rxg7 Kxg7 1/2-1/2

[Event "Beacon Seniors op"]
[Site "Exmouth"]
[Date "2008.11.20"]
[Round "4"]
[White "Jones, Sidney A"]
[Black "Herschmann, Heinz"]
[Result "1/2-1/2"]
[WhiteElo "1280"]
[BlackElo "1320"]
[PlyCount "79"]
[EventDate "2008.11.17"]
[EventType "swiss"]
[EventRounds "5"]
[EventCountry "ENG"]
[SourceTitle "EXT 2011"]
[Source "ChessBase"]
[SourceDate "2010.11.26"]
[SourceVersion "1"]
[SourceVersionDate "2010.11.26"]
[SourceQuality "1"]

1. d4 d5 2. c4 dxc4 3. e4 e6 4. Bxc4 Be7 5. Nf3 Nf6 6. 0-0 0-0 7. Re1 Nc6 8. Nc3 a6 9. Bg5 h6 10. Bxf6 Bxf6 11. e5 Bg5 12. Ne4 Be7 13. a3 b5 14. Bb3 Na5 15. Rc1 Nxb3 16. Qxb3 Bb7 17. Qc2 Rc8 18. Re3 Bxe4 19. Qxe4 Qd5 20. Qxd5 exd5 21. Rec3 b4 22. axb4 Bxb4 23. Rxc7 Rxc7 24. Rxc7 Rd8 25. Kf1 Kf8 26. Ke2 Ke8 27. Kd3 Rd7 28. Rc6 a5 29. e6 Rd6 30. exf7+ Kxf7 31. Rc7+ Kg8 32. b3 Rf6 33. Rd7 Rd6 34. Ne5 Rxd7 35. Nxd7 Kf7 36. Ne5+ Ke6 37. g4 g5 38. Nc6 Bd2 39. f3 Kd6 40. Ne5 1/2-1/2

[Event "Beacon Seniors op"]
[Site "Exmouth"]
[Date "2008.11.18"]
[Round "2"]
[White "Torrance, John"]
[Black "Herschmann, Heinz"]
[Result "1-0"]
[WhiteElo "1616"]
[BlackElo "1320"]
[PlyCount "139"]
[EventDate "2008.11.17"]
[EventType "swiss"]
[EventRounds "5"]
[EventCountry "ENG"]
[SourceTitle "EXT 2011"]
[Source "ChessBase"]
[SourceDate "2010.11.26"]
[SourceVersion "1"]
[SourceVersionDate "2010.11.26"]
[SourceQuality "1"]

1. d4 d5 2. Nf3 e6 3. e3 Nf6 4. Bd3 Bd6 5. b3 b6 6. Bb2 Bb7 7. 0-0 0-0 8. Ne5 Nc6 9. f4 Ne7 10. Rf3 g6 11. Rh3 Nf5 12. g4 Ng7 13. Nd2 Bxe5 14. fxe5 Ne4 15. Nf3 Ng5 16. Rg3 Ne4 17. Rg2 Ng5 18. Nd2 Nh3+ 19. Kh1 Qh4 20. Qf3 f6 21. Qg3 Qxg3 22. Rxg3 Nf2+ 23. Kg1 Nxd3 24. cxd3 fxe5 25. dxe5 Rf7 26. Rf3 Raf8 27. Rxf7 Rxf7 28. d4 Kf8 29. Rc1 Ke8 30. Kg2 Kd7 31. Nf3 h6 32. Nh4 g5 33. Nf3 Ba6 34. Nd2 Bb7 35. b4 Ba6 36. a4 Bb7 37. Nb3 Ba6 38. a5 Bb5 39. Nd2 a6 40. Kg3 Kd8 41. e4 bxa5 42. bxa5 c6 43. Ba3 Ne8 44. exd5 cxd5 45. Bc5 Kd7 46. Bb6 Rf4 47. h3 Rf7 48. Rc3 Bc6 49. Nb3 Bb5 50. Nc5+ Ke7 51. Nb7 Bc4 52. Rf3 Rxf3+ 53. Kxf3 Kd7 54. Nc5+ Ke7 55. Kg3 Kf7 56. h4 Ke7 57. hxg5 hxg5 58. Nb7 Kf7 59. Bd8 Kg6 60. Nc5 Ng7 61. Bf6 Ne8 62. Bd8 Ng7 63. Nd7 Bb5 64. Nc5 Kh6 65. Kf3 Kg6 66. Ke3 Bf1 67. Kd2 Bh3 68. Nxa6 Bxg4 69. Nc5 Bf5 70. a6 1-0

[Event "Guernsey Holiday op"]
[Site "Guernsey"]
[Date "2008.10.25"]
[Round "7"]
[White "Herschmann, Heinz"]
[Black "Dokter, Marike"]
[Result "1/2-1/2"]
[WhiteElo "1320"]
[BlackElo "1539"]
[PlyCount "71"]
[EventDate "2008.10.19"]
[EventType "swiss"]
[EventRounds "7"]
[EventCountry "GCI"]
[SourceTitle "EXT 2011"]
[Source "ChessBase"]
[SourceDate "2010.11.26"]
[SourceVersion "1"]
[SourceVersionDate "2010.11.26"]
[SourceQuality "1"]

1. e4 e5 2. Nf3 Nc6 3. Bc4 Bc5 4. 0-0 Nf6 5. d3 d6 6. Nc3 Bg4 7. h3 Bh5 8. Be3 Nd4 9. g4 Bg6 10. Na4 Qd7 11. Nxc5 dxc5 12. Nxd4 cxd4 13. Bd2 0-0-0 14. f4 exf4 15. Bxf4 h6 16. Be5 Qe7 17. Bxf6 gxf6 18. Qf3 Qe5 19. Qf4 Rdf8 20. Kg2 h5 21. Qxf6 Qxf6 22. Rxf6 hxg4 23. hxg4 Kd7 24. Rh1 Ke7 25. Rxh8 Rxh8 26. Rf2 c6 27. a3 a5 28. c3 b5 29. Ba2 c5 30. cxd4 cxd4 31. Bd5 Rc8 32. Kg3 Rc1 33. Rd2 Kd6 34. Rf2 Ke7 35. Rd2 Kd6 36. Rf2 1/2-1/2

[Event "Guernsey Holiday op 33rd"]
[Site "Guernsey"]
[Date "2007.10.27"]
[Round "7"]
[White "Beadle, John R"]
[Black "Herschmann, Heinz"]
[Result "1/2-1/2"]
[WhiteElo "1400"]
[BlackElo "1320"]
[PlyCount "102"]
[EventDate "2007.10.21"]
[EventType "swiss"]
[EventRounds "7"]
[EventCountry "GCI"]
[SourceTitle "EXT 2022"]
[Source "ChessBase"]
[SourceDate "2021.10.06"]
[SourceVersion "1"]
[SourceVersionDate "2021.10.06"]
[SourceQuality "1"]

1. e4 e5 2. Nf3 d6 3. c3 Be7 4. d4 exd4 5. cxd4 Bg4 6. Nc3 Nf6 7. Bd3 0-0 8. d5 Nbd7 9. 0-0 Ne5 10. Be2 Nxf3+ 11. Bxf3 Bxf3 12. Qxf3 h6 13. b4 Nh7 14. Bb2 Bf6 15. Rab1 a6 16. Ne2 Bxb2 17. Rxb2 Qf6 18. Qxf6 Nxf6 19. f3 Nd7 20. Rc2 c5 21. dxc6 bxc6 22. Rxc6 Ne5 23. Rxd6 Rfb8 24. a3 f6 25. Rc1 Rd8 26. Rxd8+ Rxd8 27. Nf4 Kf7 28. Rc7+ Rd7 29. Rxd7+ Nxd7 30. Kf2 Nb6 31. Nd5 Nc4 32. Nc7 Nxa3 33. Nxa6 Ke7 34. Ke2 Kd6 35. Nc5 Nc2 36. Nd3 g6 37. f4 g5 38. e5+ fxe5 39. fxe5+ Kd5 40. Kf3 h5 41. Ke2 Nd4+ 42. Kd2 Nb5 43. Ke3 Nd4 44. g3 Nb5 45. h4 gxh4 46. gxh4 Nd4 47. Kf4 Kc4 48. Nb2+ Kxb4 49. Kg5 Nf3+ 50. Kxh5 Nxe5 51. Kg5 Nf3+ 1/2-1/2

[Event "Guernsey Holiday op 33rd"]
[Site "Guernsey"]
[Date "2007.10.26"]
[Round "6"]
[White "Herschmann, Heinz"]
[Black "Welch, Hazel"]
[Result "1/2-1/2"]
[WhiteElo "1320"]
[BlackElo "1368"]
[PlyCount "93"]
[EventDate "2007.10.21"]
[EventType "swiss"]
[EventRounds "7"]
[EventCountry "GCI"]
[SourceTitle "EXT 2022"]
[Source "ChessBase"]
[SourceDate "2021.10.06"]
[SourceVersion "1"]
[SourceVersionDate "2021.10.06"]
[SourceQuality "1"]

1. e4 c5 2. Nf3 d6 3. d4 cxd4 4. Nxd4 Nf6 5. Bd3 g6 6. c3 Bg7 7. f3 0-0 8. Be3 Nc6 9. Kf2 Bd7 10. Nd2 a6 11. Nxc6 bxc6 12. Rc1 Qa5 13. a3 c5 14. Nc4 Qc7 15. b3 Bb5 16. a4 Bxc4 17. Bxc4 a5 18. Qd2 Rfd8 19. Rhd1 Rab8 20. g3 Ne8 21. Bb5 Nf6 22. c4 Nd7 23. Kg2 Ne5 24. f4 Nc6 25. Qf2 Nd4 26. Bxd4 Bxd4 27. Qf3 e6 28. Rd3 Qe7 29. Re1 Qf6 30. g4 h6 31. Kg3 Re8 32. Bxe8 Rxe8 33. h4 Qe7 34. g5 h5 35. Kg2 Qb7 36. e5 Qb4 37. Re2 Qb6 38. exd6 Qxd6 39. Qe4 Qb6 40. Rf3 Rd8 41. Rc2 Qb4 42. Qe2 Qa3 43. Qd1 Rb8 44. Qd3 Qb4 45. Re2 Qa3 46. Qb1 Bg7 47. Qd1 1/2-1/2

[Event "Guernsey Holiday op 33rd"]
[Site "Guernsey"]
[Date "2007.10.25"]
[Round "5"]
[White "Harnden, Terry"]
[Black "Herschmann, Heinz"]
[Result "1/2-1/2"]
[WhiteElo "1485"]
[BlackElo "1320"]
[PlyCount "46"]
[EventDate "2007.10.21"]
[EventType "swiss"]
[EventRounds "7"]
[EventCountry "GCI"]
[SourceTitle "EXT 2022"]
[Source "ChessBase"]
[SourceDate "2021.10.06"]
[SourceVersion "1"]
[SourceVersionDate "2021.10.06"]
[SourceQuality "1"]

1. e4 e5 2. Nf3 d6 3. Nc3 Be7 4. Bc4 Nf6 5. d3 h6 6. h3 Nc6 7. Be3 a6 8. a3 Bd7 9. Qd2 Be6 10. Bxe6 fxe6 11. 0-0-0 d5 12. d4 dxe4 13. dxe5 Qxd2+ 14. Nxd2 Nxe5 15. Ndxe4 Kf7 16. Bd4 Nc6 17. Bc5 Rhd8 18. Bxe7 Kxe7 19. Rhe1 b6 20. Nxf6 Kxf6 21. Ne4+ Kf7 22. Rd2 Rxd2 23. Nxd2 Rd8 1/2-1/2

[Event "Beacon Seniors op"]
[Site "Exmouth"]
[Date "2006.11.17"]
[Round "5"]
[White "Herschmann, Heinz"]
[Black "Frost, William A"]
[Result "1/2-1/2"]
[WhiteElo "1280"]
[BlackElo "1408"]
[PlyCount "75"]
[EventDate "2006.11.13"]
[EventType "swiss"]
[EventRounds "5"]
[EventCountry "ENG"]
[SourceTitle "EXT 2008"]
[Source "ChessBase"]
[SourceDate "2007.11.25"]
[SourceVersion "1"]
[SourceVersionDate "2007.11.25"]
[SourceQuality "1"]

1. e4 c5 2. Nf3 Nc6 3. d4 cxd4 4. Nxd4 Qb6 5. Nxc6 bxc6 6. Bd3 e6 7. 0-0 Nf6 8. Nc3 d5 9. exd5 cxd5 10. Qe2 a6 11. Rb1 Bd6 12. b3 Qc7 13. Na4 Bxh2+ 14. Kh1 Bd6 15. f4 0-0 16. Be3 Qc6 17. Nb6 Rb8 18. Nxc8 Rfxc8 19. Bxa6 Ne4 20. Qd3 Qxc2 21. Rfc1 Qxd3 22. Rxc8+ Rxc8 23. Bxd3 Ng3+ 24. Kg1 Rc3 25. Rc1 Rxc1+ 26. Bxc1 h5 27. Kh2 Nf5 28. Kh3 d4 29. g4 hxg4+ 30. Kxg4 Ne3+ 31. Kf3 e5 32. fxe5 Bxe5 33. Bxe3 dxe3 34. Kxe3 Bd6 35. a4 g5 36. Kf3 Bb4 37. Kg4 f6 38. Kf5 1/2-1/2

[Event "Guernsey Holiday op"]
[Site "Grand Harve Bay"]
[Date "2006.10.19"]
[Round "5"]
[White "Herschmann, Heinz"]
[Black "Moriarty, Tom J"]
[Result "1-0"]
[WhiteElo "1280"]
[BlackElo "1565"]
[PlyCount "85"]
[EventDate "2006.10.15"]
[EventType "swiss"]
[EventRounds "7"]
[EventCountry "GCI"]
[SourceTitle "EXT 2008"]
[Source "ChessBase"]
[SourceDate "2007.11.25"]
[SourceVersion "1"]
[SourceVersionDate "2007.11.25"]
[SourceQuality "1"]

1. d4 d5 2. c4 e6 3. e3 Nf6 4. Nf3 Be7 5. Be2 0-0 6. 0-0 b6 7. a3 Bb7 8. Nc3 Nbd7 9. cxd5 exd5 10. h3 a6 11. b3 Rc8 12. Bb2 Re8 13. Rc1 Ne4 14. Nxe4 dxe4 15. Ne1 Bf6 16. Nc2 c5 17. Na1 cxd4 18. Rxc8 Qxc8 19. Bxd4 Bxd4 20. Qxd4 b5 21. Bg4 Rd8 22. Rd1 Bc6 23. Qd6 g6 24. Rc1 f5 25. Rxc6 Nf8 26. Rxc8 Rxd6 27. Be2 Rd2 28. Rc2 Rd6 29. b4 Nd7 30. Nb3 Ne5 31. Nd4 Kg7 32. f4 exf3 33. gxf3 Kh6 34. f4 Nd7 35. Rc6 Rf6 36. Rxf6 Nxf6 37. Bf3 Nd7 38. Bb7 Nb6 39. Bxa6 Nc4 40. Kf2 Nxa3 41. Bxb5 Kg7 42. Bd3 Kf7 43. Nb5 1-0

[Event "Beacon Seniors op 60+"]
[Site "Exmouth"]
[Date "2005.11.16"]
[Round "3"]
[White "Herschmann, Heinz"]
[Black "Spooner, Joe"]
[Result "1/2-1/2"]
[WhiteElo "1328"]
[BlackElo "1096"]
[PlyCount "90"]
[EventDate "2005.11.14"]
[EventType "swiss"]
[EventRounds "5"]
[EventCountry "ENG"]
[SourceTitle "EXT 2007"]
[Source "ChessBase"]
[SourceDate "2006.11.23"]
[SourceVersion "1"]
[SourceVersionDate "2006.11.23"]
[SourceQuality "1"]

1. e4 e5 2. Nf3 Nc6 3. d4 exd4 4. Nxd4 Nxd4 5. Qxd4 d6 6. Be3 Nf6 7. h3 Be7 8. c3 0-0 9. Nd2 b6 10. Be2 Bb7 11. 0-0 Qc8 12. Qd3 Re8 13. f3 Nd7 14. Rfe1 Ne5 15. Qc2 Bh4 16. Bf2 Bxf2+ 17. Kxf2 Qd8 18. g3 h5 19. f4 Nd7 20. Bxh5 Nf6 21. Bf3 Qd7 22. g4 Rab8 23. Re3 Qd8 24. g5 Nh7 25. Rae1 Qd7 26. Bg4 Qc6 27. Rg1 Nf8 28. f5 Nd7 29. Bh5 Ne5 30. Qb3 Kf8 31. Rf3 Qd7 32. Re3 Bc6 33. Nc4 Ba4 34. Nxe5 Rxe5 35. Qc4 Bb5 36. Qd4 c5 37. Qd2 Rbe8 38. Rge1 Bc6 39. Bf3 Ke7 40. Bg4 Qc7 41. Bf3 Kd8 42. b3 Qe7 43. h4 Kc7 44. c4 Rh8 45. Kg3 Qe8 1/2-1/2

[Event "Guernsey Holiday op"]
[Site "Cobo Bay"]
[Date "2005.10.21"]
[Round "6"]
[White "Collier, Michael J"]
[Black "Herschmann, Heinz"]
[Result "1-0"]
[WhiteElo "1520"]
[BlackElo "1328"]
[PlyCount "109"]
[EventDate "2005.10.16"]
[EventType "swiss"]
[EventRounds "7"]
[EventCountry "GCI"]
[SourceTitle "EXT 2007"]
[Source "ChessBase"]
[SourceDate "2006.11.23"]
[SourceVersion "1"]
[SourceVersionDate "2006.11.23"]
[SourceQuality "1"]

1. d4 d5 2. c4 e6 3. Nc3 dxc4 4. e3 Nf6 5. Bxc4 Be7 6. Nf3 Bd7 7. Bd2 Bc6 8. Ne5 Bd5 9. Bxd5 Nxd5 10. Rc1 Nb6 11. Qf3 0-0 12. Qxb7 N8d7 13. Nc6 Qe8 14. Qxc7 Bf6 15. Qg3 Nb8 16. Nxb8 Qxb8 17. Qxb8 Raxb8 18. 0-0 Nc4 19. Rc2 Rxb2 20. Rxb2 Nxb2 21. Rb1 Nc4 22. Be1 a6 23. Kf1 g6 24. Ne4 Kg7 25. Nxf6 Kxf6 26. Rb4 Rc8 27. Ra4 Rc6 28. Bb4 Nb2 29. Ra3 Nc4 30. Rb3 a5 31. Bc3 Ke7 32. Ke2 Kd7 33. Kd3 Nd6 34. e4 a4 35. Rb4 Ra6 36. e5 Nc8 37. Rb7+ Ke8 38. Rc7 Ne7 39. g3 Nd5 40. Rb7 Rc6 41. Bb4 Nxb4+ 42. Rxb4 Ra6 43. Ke4 Ra7 44. f4 h5 45. h3 Ke7 46. g4 hxg4 47. hxg4 Ra5 48. f5 gxf5+ 49. gxf5 exf5+ 50. Kxf5 Ra6 51. d5 Kd7 52. d6 Ra7 53. Kf6 Kc8 54. Rh4 Rd7 55. Rh7 1-0